00990cam a22002773a 450000100040000000500170000400800410002102000370006204000570009905000290015610000200018524500780020526000410028330000400032449000320036450000230039650500060041952000980042552100180052352100180054165000320055965000350059165000230062665500280064970000350067760420230626091022.0980218s1998 nyua j 000 1 eng d a0671008188 :c$3.99 ($4.99 Can.) aZABcZABdJEDdIKGdSLCdOCLdOCLCQdDLCdFISKHbeng00aCPB Box no. 1406 vol. 131 aKeene, Carolyn.10aAlien in the classroom /cCarolyn Keene ; illustrated by Anthony Accardo. aNew York :bSimon & Schuster,c1998. a72 pages :billustrations ;c19 cm.1 aNancy Drew notebooks ;v#23 a"A Minstrel book." aH aNancy and her friends try to prove their teacher, Ms. Zagon, is not an alien from outerspace.0 a510 bLexile1 aH bRaz-Plus 0aTeachersvJuvenile fiction. 0aDetective and mystery stories. 0aTeachersvFiction. 7aMystery fiction.2gsafd1 aAccardo, Anthony,eillustrator